000 01282nam a2200313Ia 4500
001 ebr10296451
003 CaPaEBR
006 m u
007 cr cn|||||||||
008 080522s2008 inua s 001 0 eng d
020 _z9780470247020
040 _aCaPaEBR
_cCaPaEBR
035 _a(OCoLC)608623902
050 1 4 _aQA76.3
_b.L3665 2008eb
100 1 _aLammle, Todd.
245 1 0 _aCCENT Cisco certified entry networking technician.
_pStudy guide
_h[electronic resource] /
_cTodd Lammle.
246 3 _aCCENT.
_pStudy guide
246 3 _aCisco certified entry networking technician
260 _aIndianapolis, Ind. :
_bWiley,
_cc2008.
300 _axxxiii, 609 p. :
_bill.
500 _aIncludes index.
533 _aElectronic reproduction.
_bPalo Alto, Calif. :
_cebrary,
_d2013.
_nAvailable via World Wide Web.
_nAccess may be limited to ebrary affiliated libraries.
610 2 0 _aCisco Systems, Inc.
_xExaminations
_vStudy guides.
650 0 _aComputer networks
_xExaminations
_vStudy guides.
650 0 _aElectronic data processing personnel
_xCertification.
655 7 _aElectronic books.
_2local
710 2 _aebrary, Inc.
856 4 0 _uhttp://site.ebrary.com/lib/rucke/Doc?id=10296451
_zAn electronic book accessible through the World Wide Web; click to view
999 _c77331
_d77331